000 00995nam a2200313Ia 4500
003 OSt
005 20221007123523.0
006 a|||||r|||| 00| 0
007 ta
008 221006b |||||||| |||| 00| 0 eng d
020 _a0120884097 (hbd)
_c3944.70
024 _a13756
037 _b192, 24/03/2005, N R Book Distributors
_cTextual
040 _aPAPL
_cPAPL
_beng
041 _2eng
_aeng
082 _aB245, P4 Carpa
100 _aMehta Madan Lal
_9717347
245 0 _aRandom matrices
250 _a3
260 _aAmsterdam
_bElsevier Academic Press
_c2004
300 _axviii, 688p.
_ccm.
490 _aPure and applied mathematics; 142
500 _aAppendix 494-644p.; Bibliographical references 655-679p.; Index 680-688p.
650 _a Matrices
650 _a Random Matrices
_9717348
650 _aMathematics
942 _hB245, P4 Carpa
_cTEXL
_2CC
999 _c1212041
_d1212041